| 000 | 00553nam a2200241Ia 4500 | ||
|---|---|---|---|
| 005 | 20251020182515.0 | ||
| 008 | 200515s9999 xx 000 0 und d | ||
| 020 | _a84-7166-573-5 | ||
| 082 | _a658.511/H22 | ||
| 100 | _aHarding, H. A. | ||
| 245 | 0 | _aDirección de producción | |
| 260 | _aMadrid | ||
| 260 | _bEDAF | ||
| 260 | _c1982 | ||
| 300 | _btbls. | ||
| 490 | _aBiblioteca para Dirección de Empresas | ||
| 500 | _a1 ejemplar | ||
| 650 | _aCONTROL | ||
| 650 | _aDIRECCION | ||
| 650 | _aPRODUCCION | ||
| 942 | _cLIB | ||
| 999 |
_c1548 _d1548 |
||